000 00560nam a22001937a 4500
999 _c21474
_d21474
003 OSt
005 20210622100331.0
008 170130b xxu||||| |||| 00| 0 eng d
020 _a0195411544
040 _aMMU
_beng
_cMMU
_dMMU
050 _aBL60.D387 1998
100 _aDawson,Lorner L
245 _aComprehending cults:
_bThe sociology of new religious movements/
_cLorner L.Dawson
260 _aNwe York:
_bDawson,
_c1998.
300 _avi,231 p. :
500 _aIncludes bibliographical references and index
650 _acults
942 _2lcc
_cLOAN LOAN